000 00800nam a2200253Ia 4500
003 OSt
005 20220923224704.0
006 a|||||r|||| 00| 0
007 ta
008 220922b |||||||| |||| 00| 0 hin d
024 _a248,822
037 _cTextual
040 _aARTS
_cARTS
_bhin
041 _2hin
_ahin
082 _aO152,6N121x, M0
100 _aअग्रवाल, केदारनाथ
245 0 _aविचार बोध
246 _aVichār bodha
260 _aइलाहाबाद
_b परिमल प्रकाशन
_c1980
300 _a236पृ.
_ccm.
650 _aहिन्दी साहित्य
_9156264
942 _hO152,6N121x, M0
_cTEXL
_2CC
999 _c372980
_d372980